Imaging Atlas of Human Anatomy (Record no. 80)

MARC details
000 -LEADER
fixed length control field 00816cam a22003017a 4500
001 - CONTROL NUMBER
control field 13390681
003 - CONTROL NUMBER IDENTIFIER
control field OSt
005 - DATE AND TIME OF LATEST TRANSACTION
control field 20190918123125.0
008 - FIXED-LENGTH DATA ELEMENTS--GENERAL INFORMATION
fixed length control field 031031s2003 stka 001 0 eng d
010 ## - LIBRARY OF CONGRESS CONTROL NUMBER
LC control number 2003279752
015 ## - NATIONAL BIBLIOGRAPHY NUMBER
National bibliography number GBA3-51252
020 ## - INTERNATIONAL STANDARD BOOK NUMBER
International Standard Book Number 978-0723432111
020 ## - INTERNATIONAL STANDARD BOOK NUMBER
International Standard Book Number 0723432945
035 ## - SYSTEM CONTROL NUMBER
System control number (DLC)13390681
040 ## - CATALOGING SOURCE
Original cataloging agency UKM
Transcribing agency UKM
Modifying agency COU
-- OCLCQ
-- EYM
-- DLC
042 ## - AUTHENTICATION CODE
Authentication code lccopycat
082 04 - DEWEY DECIMAL CLASSIFICATION NUMBER
Classification number QS4 W434i 2003
100 1# - MAIN ENTRY--PERSONAL NAME
Personal name Weir, Jamie; Abrahams, Peter H.
9 (RLIN) 232
245 10 - TITLE STATEMENT
Title Imaging Atlas of Human Anatomy
250 ## - EDITION STATEMENT
Edition statement 3rd ed.
260 ## - PUBLICATION, DISTRIBUTION, ETC. (IMPRINT)
Place of publication, distribution, etc. Edinburgh :
Name of publisher, distributor, etc. Mosby,
Date of publication, distribution, etc. 2003.
300 ## - PHYSICAL DESCRIPTION
Extent xiii, 226 p. :
Other physical details ill. ;
Dimensions 31 cm.
500 ## - GENERAL NOTE
General note .
504 ## - BIBLIOGRAPHY, ETC. NOTE
Bibliography, etc Includes index
650 #0 - SUBJECT ADDED ENTRY--TOPICAL TERM
Topical term or geographic name as entry element Human anatomy atlas
Form subdivision Atlases.
9 (RLIN) 151
906 ## - LOCAL DATA ELEMENT F, LDF (RLIN)
a 7
b cbc
c copycat
d 3
e ncip
f 20
g y-gencatlg
942 ## - ADDED ENTRY ELEMENTS (KOHA)
Source of classification or shelving scheme Other/Generic Classification Scheme
Koha item type Open Shelf
Holdings
Withdrawn status Lost status Source of classification or shelving scheme Damaged status Not for loan Home library Current library Date acquired Source of acquisition Inventory number Total Checkouts Full call number Barcode Date last seen Koha item type
    Other/Generic Classification Scheme     MUST Main Library MUST Main Library 01/07/2014 Purchase 11/35202   QS4 W434j 2003 2014-0099 01/07/2014 Open Shelf
    Other/Generic Classification Scheme     MUST Main Library MUST Main Library 23/09/2014 Purchase 09/31737   QS4 W434i 2003 2014-2927 23/09/2014 Short Loan